| 000 | 00460nam a22001697a 4500 | ||
|---|---|---|---|
| 003 | OSt | ||
| 005 | 20220915150927.0 | ||
| 008 | 220915b |||||||| |||| 00| 0 eng d | ||
| 020 | _a972-8560-20-6 | ||
| 040 | _cBiblioteca Lado V | ||
| 082 |
_a708 _bL299j |
||
| 100 | _aLapa, Pedro | ||
| 245 | _aJoao Penalva/ | ||
| 260 |
_aPortugal _bInstituto de Arte Contemporaneo _c2001 |
||
| 300 |
_a104p. _c17x25cm |
||
| 942 |
_2ddc _c1 _h708 _iL299j _n0 |
||
| 999 |
_c2030 _d2030 |
||